000 00270nam a2200097Ia 4500
008 240331s9999 xx 000 0 und d
082 _bBAX
100 _aBaxamusa, R.M
245 0 _aAssistance for women's development from national agencies :
_bHousing Programmes
942 _cL
999 _c2903
_d2903